• 首页
  • 本馆介绍
  • 公告通知
  • 最新文献
  • 馆藏检索
  • 电子资源
  • 读者导购
  • 参考咨询
  • 我的图书馆
  • 登录
  • 详细信息显示
  • 放入我的书架
  • 预约/预借图书
  • 作者相关作品
  • 分类相关作品
  • 丛书相关作品
  • 出版社相关作品

书目信息

  • 表格格式
  • 工作单格式
  • 卡片格式
题名:
六氟化硫绝缘设备环保检修技术及应用
    
 
作者: 魏钢 著
分册:  
出版信息: 北京   中国水利水电出版社  2020.10
页数: 158页
开本: 24cm
丛书名:
单 册:
中图分类: TM213
科图分类:
主题词: 六氟化硫气体--过滤设备--设备检修
电子资源:
ISBN: 978-7-5170-8966-7
000 00891nam0 2200241 45
001 012001002159
005 20140913132518.0
010    @a978-7-5170-8966-7@dCNY59.80
100    @a20210426d2020 em y0chiy50 ea
101 0  @achi
102    @aCN@b110000
105    @aa z 000yy
106    @ar
200 1  @a六氟化硫绝缘设备环保检修技术及应用@Aliu fu hua liu jue yuan she bei huan bao jian xiu ji shu ji ying yong@b专著@f魏钢[等]著
210    @a北京@c中国水利水电出版社@d2020.10
215    @a158页@c图@d24cm
304    @a著者还有:李翠英、曹政钦、胡敏、杨滔、江世雄
330    @a本书对六氟化硫设备检修主要废弃物进行了分析,介绍了 SF6气体和吸附剂的环保处理技术、系列回收处理装置以及工厂化环保检修基地。
606 0  @a六氟化硫气体@x过滤设备@x设备检修
690    @aTM213@v5
701  0 @a魏钢@Awei gang@c(电力工业)@4著
801  0 @aCN@bBJSDL@c20211011
905    @b1338662-5@dTM213@e33@f4
    
    六氟化硫绝缘设备环保检修技术及应用/魏钢[等]著.-北京:中国水利水电出版社,2020.10
    158页:图;24cm
    
    
    ISBN 978-7-5170-8966-7:CNY59.80
    本书对六氟化硫设备检修主要废弃物进行了分析,介绍了 SF6气体和吸附剂的环保处理技术、系列回收处理装置以及工厂化环保检修基地。
●
相关链接 在E读中查询图书 在五车中查询图书 在当当中查询图书 在豆瓣中查询图书


正题名:六氟化硫绝缘设备环保检修技术及应用     索取号:TM213/33         预约/预借

序号 登录号 条形码 馆藏地/架位号 状态 备注
1 1338662   213386628   第二样本阅览室/ [索取号:TM213/33] 在馆    
2 1338663   213386637   第三借阅区/ [索取号:TM213/33] 在馆    
3 1338664   213386646   第三借阅区/ [索取号:TM213/33] 在馆    
4 1338665   213386655   第三借阅区/ [索取号:TM213/33] 在馆    
唐山师范学院图书馆 欢迎您!
大连网信软件有限公司© 版权所有